Just Be Close: Literature Edition Quiz Stats

 Plays Quiz Updated Apr 22, 2019

Score 0/18 Timer 04:00
7 Plays Today
Clue Close? % Correct
Number of districts of Panem, from the Hunger Games series???
91.7%
Number following 'Catch-' in a Joseph Heller title???
90%
Number of shades of grey as mentioned in a E.L. James best-selling novel???
87.3%
Years that Solomon Northup was a slave, in a famed memoir???
85%
Number of days Phileas Fogg took to circumnavigate the globe ???
84.2%
Years between Voldemort's defeat & the epilogue of 'Harry Potter and the Deathly Hallows'???
83.1%
Age of Dolores Haze, the obsession of Humbert Humbert in Vladimir Nabokov's 'Lolita'???
81.7%
The number of short stories in James Joyce's 'Dubliners'???
78%
Number of years Edmond Dant├Ęs spends in prison in 'The Count of Monte Cristo'???
75.5%
Clue Close? % Correct
Top number that appears on the Mad Hatter's Hat in 'Alice's Adventures in Wonderland' __/6???
72.1%
Years between appearances of Pennywise the Clown from the novel 'It'???
64.8%
Years between completion & publication of 'Go Set a Watchman' by Harper Lee???
53.7%
Number of tales that make up 'The Canterbury Tales'???
51.7%
Years for which Rip Van Winkle sleeps before awakening, in the short story by Washington Irving ???
49.2%
Lot number in the title of a 1966 Thomas Pynchon novel???
44.9%
Frodo's age in 'The Lord of the Rings', during Bilbo's 111th birthday party???
32.4%
Plays in William Shakespeare's First Folio???
25.1%
Total number of Sherlock Holmes novels & short stories by Arthur Conan Doyle???
20.4%

You're not logged in!

Compare scores with friends on all Sporcle quizzes.
OR
Log In

Sporcle TV

Today on Sporcle TV


Watch our educational content, quiz creation guides, and fun videos on Sporcle TV.

Show Comments

Extras

Top Quizzes Today


Score Distribution

Your Account Isn't Verified!

In order to create a playlist on Sporcle, you need to verify the email address you used during registration. Go to your Sporcle Settings to finish the process.

Report this User

Report this user for behavior that violates our Community Guidelines.

Details: